| 000 | 00771nam a2200253Ia 4500 | ||
|---|---|---|---|
| 003 | GCL | ||
| 008 | 140319s9999 xx 000 0 ara d | ||
| 040 |
_aGCL / _cGCL |
||
| 082 | 0 | 4 |
_a616.897 _bا ع |
| 100 | 1 | _aاحمد عكاشة | |
| 245 | 1 | 0 |
_aعلم النفس الفسيولوجى / _cاحمد عكاشة |
| 260 |
_a[S.N] : _bمكتبة الانجلوالمصرية ، _c1993 |
||
| 300 | _a333 ص | ||
| 490 | _a | ||
| 650 | 0 | 4 | _aالصحة النفسية |
| 650 | 0 | 4 | _aعلم النفس |
| 650 | 0 | 4 | _aالتحليل النفسى |
| 650 | 0 | 4 | _aالاحلام |
| 650 | 0 | 4 | _aعلم النفس الفسيولوجى |
| 650 | 0 | 4 | _aالذاكرة |
| 650 | 0 | 4 | _aالعلاج النفسى |
| 650 | 0 | 4 | _aالامراض الفسيولوجية |
| 942 |
_2ddc _cBK |
||
| 999 |
_c32511 _d32511 |
||